| 000 | 00715cab a2200229 4500 | ||
|---|---|---|---|
| 001 | WB2549-45 | ||
| 008 | 090401t1989 xxu||||| |||| 00| 0 eng d | ||
| 035 | _a(Sirsi) u23842 | ||
| 041 | _aeng | ||
| 245 | _aProperty confidence | ||
| 260 | _c1989 | ||
| 350 | _a0 | ||
| 490 |
_aFinancial Times _v8/12/89 p15(2) |
||
| 520 | _aA survey of bankers indicates that although there will be a slow down in the growth of lending for property ventures, over 60% of those questioned expect their commitments to grow. | ||
| 650 | _aBANK LENDING | ||
| 650 | _aINSTITUTIONS | ||
| 650 | _aINVESTMENT | ||
| 650 | _aWOOLGATE PROPERTY FINANCE | ||
| 690 | _aPROPERTY LAW AND PRACTICE | ||
| 942 | _n0 | ||
| 948 | _c04/03/1997 | ||
| 999 |
_c15963 _d15963 |
||